[Event "SRB-chT"]
[Site "Belgrade"]
[Date "2010.10.09"]
[Round "9"]
[White "Radusinovic, Lazar"]
[Black "Lecic, Predrag"]
[Result "1-0"]
[WhiteElo "2257"]
[BlackElo "2156"]
[PlyCount "45"]
[EventDate "2010.10.01"]
[EventType "team-tourn"]
[EventRounds "11"]
[EventCountry "YUG"]
[SourceTitle "CBM 138 Extra"]
[Source "ChessBase"]
[SourceDate "2010.10.29"]
[SourceVersion "1"]
[SourceVersionDate "2010.10.29"]
[SourceQuality "1"]

1. d4 d5 2. c4 dxc4 3. Nf3 Nf6 4. Nc3 e6 5. e3 c5 6. Bxc4 a6 7. a4 Nc6 8. 0-0 cxd4 9. exd4 Be7 10. h3 0-0 11. Be3 Nb4 12. Qb3 Nfd5 13. Bd2 b6 14. Nxd5 Nxd5 15. Bxd5 exd5 16. Bb4 Bxb4 17. Qxb4 a5 18. Qa3 Ba6 19. Rfe1 Ra7 20. Re5 f6 21. Re3 Qd7 22. Rae1 Kf7 23. Ne5+ 1-0

[Event "SRB-chT"]
[Site "Belgrade"]
[Date "2010.10.08"]
[Round "8"]
[White "Lecic, Predrag"]
[Black "Dudukovic, Nikola"]
[Result "1/2-1/2"]
[WhiteElo "2156"]
[BlackElo "2237"]
[PlyCount "48"]
[EventDate "2010.10.01"]
[EventType "team-tourn"]
[EventRounds "11"]
[EventCountry "YUG"]
[SourceTitle "CBM 138 Extra"]
[Source "ChessBase"]
[SourceDate "2010.10.29"]
[SourceVersion "1"]
[SourceVersionDate "2010.10.29"]
[SourceQuality "1"]

1. Nf3 c5 2. g3 b6 3. Bg2 Bb7 4. 0-0 Nf6 5. d3 d6 6. c3 e6 7. a3 Be7 8. b4 a6 9. Nbd2 Nbd7 10. Bb2 Qc7 11. Qb3 0-0 12. Rac1 Rac8 13. a4 Qb8 14. Rb1 Qa8 15. Ba3 Rb8 16. bxc5 bxc5 17. Qc2 Bc6 18. Nc4 Rxb1 19. Rxb1 Rb8 20. Rxb8+ Qxb8 21. Nfd2 Bxg2 22. Kxg2 d5 23. Nb2 Qb7 24. f3 Kf8 1/2-1/2

[Event "Belgrade-chT Quality"]
[Site "Belgrade"]
[Date "2009.11.03"]
[Round "11"]
[White "Lecic, Predrag"]
[Black "Kuzmanovic, Slobodan"]
[Result "0-1"]
[WhiteElo "2140"]
[BlackElo "2147"]
[PlyCount "82"]
[EventDate "2009.10.11"]
[EventType "team-tourn"]
[EventRounds "11"]
[EventCountry "YUG"]
[SourceTitle "CBM 133 Extra"]
[Source "ChessBase"]
[SourceDate "2010.01.05"]
[SourceVersion "1"]
[SourceVersionDate "2010.01.05"]
[SourceQuality "1"]

1. e4 e5 2. Bc4 Nf6 3. d3 Nc6 4. Nf3 Be7 5. 0-0 d6 6. h3 Na5 7. Bb3 0-0 8. Nc3 Nxb3 9. axb3 a6 10. d4 exd4 11. Qxd4 Be6 12. Bf4 Nd7 13. Rad1 Bf6 14. Qe3 Qe7 15. e5 dxe5 16. Nxe5 Nxe5 17. Bxe5 Rfe8 18. Bxf6 Qxf6 19. Qd4 Qxd4 20. Rxd4 Rad8 21. Rxd8 Rxd8 22. Rd1 Rxd1+ 23. Nxd1 Kf8 24. b4 Ke7 25. Kf1 Kd6 26. Ke2 c5 27. bxc5+ Kxc5 28. Kd3 b5 29. Ne3 g5 30. c3 a5 31. Kd2 h5 32. Nc2 b4 33. cxb4+ axb4 34. Ne3 h4 35. Kd3 f5 36. Kd2 f4 37. Nf1 Bd5 38. f3 Bc4 39. Nh2 Kd4 40. Ke1 Kd3 41. Kd1 Bb3+ 0-1

[Event "Belgrade tt Cup"]
[Site "Belgrade"]
[Date "2009.04.09"]
[Round "2"]
[White "Nikolic, Goran"]
[Black "Lecic, Predrag"]
[Result "0-1"]
[WhiteElo "2299"]
[BlackElo "2094"]
[PlyCount "50"]
[EventDate "2009.04.08"]
[EventType "team-tourn"]
[EventRounds "5"]
[EventCountry "YUG"]
[SourceTitle "CBM 129 Extra"]
[Source "ChessBase"]
[SourceDate "2009.05.05"]
[SourceVersion "2"]
[SourceVersionDate "2009.05.20"]
[SourceQuality "1"]

1. d4 d5 2. c4 dxc4 3. Nf3 Nf6 4. e3 e6 5. Bxc4 c5 6. Nc3 a6 7. a4 Nc6 8. 0-0 cxd4 9. exd4 Be7 10. Bg5 0-0 11. Qd2 Nb4 12. Ne5 b6 13. Rfe1 Bb7 14. Rad1 Nbd5 15. Nxd5 Bxd5 16. Bxf6 Bxf6 17. Qb4 Bxc4 18. Qxc4 Qd6 19. Ng4 Rfc8 20. Nxf6+ gxf6 21. Qb3 Rab8 22. d5 e5 23. Qd3 b5 24. axb5 Rxb5 25. Re3 Rxd5 0-1

[Event "Belgrade-chT"]
[Site "Belgrade"]
[Date "2008.10.12"]
[Round "8"]
[White "Cetkovic, Miodrag"]
[Black "Lecic, Predrag"]
[Result "0-1"]
[WhiteElo "2294"]
[BlackElo "2113"]
[PlyCount "58"]
[EventDate "2008.10.05"]
[EventType "team-tourn"]
[EventRounds "9"]
[EventCountry "YUG"]
[SourceTitle "CBM 126 Extra"]
[Source "ChessBase"]
[SourceDate "2008.11.05"]
[SourceVersion "1"]
[SourceVersionDate "2008.11.05"]
[SourceQuality "1"]

1. e4 c6 2. d4 d5 3. f3 e6 4. Nc3 Nf6 5. Bg5 Be7 6. Qd2 b6 7. 0-0-0 Ba6 8. Nge2 Nbd7 9. e5 Ng8 10. h4 h5 11. Kb1 Qc7 12. Bxe7 Nxe7 13. Qg5 g6 14. g4 c5 15. Nf4 Bxf1 16. Rhxf1 a6 17. Rfe1 hxg4 18. fxg4 Qd8 19. h5 cxd4 20. Nxe6 fxe6 21. hxg6 Nc5 22. g7 Rg8 23. Rxd4 Kd7 24. Rf4 Qe8 25. b4 Ne4 26. Nxe4 dxe4 27. Rd1+ Kc7 28. Rd6 Nd5 29. Rxe4 Nc3+ 0-1

[Event "Belgrade-chT"]
[Site "Belgrade"]
[Date "2008.10.10"]
[Round "6"]
[White "Lecic, Predrag"]
[Black "Zmijanac, Dusko"]
[Result "0-1"]
[WhiteElo "2113"]
[BlackElo "2202"]
[PlyCount "66"]
[EventDate "2008.10.05"]
[EventType "team-tourn"]
[EventRounds "9"]
[EventCountry "YUG"]
[SourceTitle "CBM 126 Extra"]
[Source "ChessBase"]
[SourceDate "2008.11.05"]
[SourceVersion "1"]
[SourceVersionDate "2008.11.05"]
[SourceQuality "1"]

1. e4 c5 2. Nf3 e6 3. d4 cxd4 4. Nxd4 Nc6 5. Nc3 Qc7 6. Be2 a6 7. 0-0 Nf6 8. a3 Be7 9. Kh1 0-0 10. f4 d6 11. Bf3 Na5 12. Qe1 Rb8 13. f5 Nc4 14. Qg3 Kh8 15. Be2 b5 16. Bd3 e5 17. Nde2 Bb7 18. b3 Nb6 19. Bb2 Rbc8 20. Rae1 Qb8 21. Qh3 Qa8 22. Ng3 Nbd7 23. Nh5 Nc5 24. Nxf6 Bxf6 25. Qf3 Rc7 26. Rg1 Rfc8 27. g4 Bg5 28. Re2 f6 29. h3 Nd7 30. Nd5 Bxd5 31. exd5 Nc5 32. Bc1 Bxc1 33. Rxc1 Nxb3 0-1

[Event "Belgrade-chT"]
[Site "Belgrade"]
[Date "2008.10.07"]
[Round "3"]
[White "Lecic, Predrag"]
[Black "Sekulic, Dusan"]
[Result "1/2-1/2"]
[WhiteElo "2113"]
[BlackElo "2321"]
[PlyCount "80"]
[EventDate "2008.10.05"]
[EventType "team-tourn"]
[EventRounds "9"]
[EventCountry "YUG"]
[SourceTitle "CBM 126 Extra"]
[Source "ChessBase"]
[SourceDate "2008.11.05"]
[SourceVersion "1"]
[SourceVersionDate "2008.11.05"]
[SourceQuality "1"]

1. e4 e5 2. Nf3 Nc6 3. Bc4 Bc5 4. 0-0 d6 5. h3 Nf6 6. Nc3 a6 7. d3 Na5 8. Bb3 Nxb3 9. axb3 0-0 10. Be3 Nd7 11. Bxc5 dxc5 12. Qd2 Re8 13. Nh2 Nf8 14. f4 exf4 15. Qxf4 Be6 16. Nf3 Ng6 17. Qg3 f6 18. h4 Qd6 19. Qxd6 cxd6 20. g3 h5 21. Nd2 Ne7 22. Nc4 Rad8 23. Ne3 d5 24. exd5 Nxd5 25. Nexd5 Bxd5 26. Nxd5 Rxd5 27. Rfe1 Rde5 28. Rxe5 Rxe5 29. Kf2 Kf7 30. Ra4 Rd5 31. Ke3 Ke6 32. b4 Rd4 33. c4 Rg4 34. Kf3 cxb4 35. Rxb4 b5 36. Rb3 bxc4 37. dxc4 Rxc4 38. Rb6+ Kf5 39. Rxa6 Rb4 40. Ra5+ Kg6 1/2-1/2

[Event "SRB-chT Cup"]
[Site "Zlatibor"]
[Date "2008.06.20"]
[Round "5.9"]
[White "Lecic, Predrag"]
[Black "Popovic, Aleksandar M"]
[Result "0-1"]
[WhiteElo "2094"]
[BlackElo "2261"]
[PlyCount "76"]
[EventDate "2008.06.16"]
[EventType "team"]
[EventRounds "9"]
[EventCountry "YUG"]
[SourceTitle "CBM 125 Extra"]
[Source "ChessBase"]
[SourceDate "2008.09.01"]
[SourceVersion "1"]
[SourceVersionDate "2008.09.01"]
[SourceQuality "1"]

1. e4 e5 2. Nf3 Nc6 3. Bc4 Nf6 4. d3 Bc5 5. 0-0 d6 6. Be3 Bb6 7. h3 0-0 8. Nc3 Ne7 9. Bg5 Kh8 10. Bxf6 gxf6 11. Nh4 Ng6 12. Qh5 Nf4 13. Qh6 Rg8 14. Kh2 Rg5 15. g4 c6 16. Bxf7 Qe7 17. Bb3 Bd7 18. Nd1 Nxh3 19. f3 Nf4 20. Nf2 d5 21. Rae1 a5 22. a4 Bxf2 23. Rxf2 d4 24. Rh1 Qg7 25. Qxg7+ Kxg7 26. Nf5+ Bxf5 27. exf5 h5 28. Kg3 Rh8 29. Rfh2 b5 30. Kf2 Kf8 31. Ra1 b4 32. Rhh1 Ke7 33. Rh4 Rh7 34. Rh2 Kd6 35. Bc4 Kc5 36. b3 Kd6 37. Kg3 Rhg7 38. Rf2 Rxf5 0-1

[Event "SRB-chT Cup"]
[Site "Zlatibor"]
[Date "2008.06.18"]
[Round "3.4"]
[White "Perunovic, Milos"]
[Black "Lecic, Predrag"]
[Result "1-0"]
[WhiteElo "2579"]
[BlackElo "2094"]
[PlyCount "61"]
[EventDate "2008.06.16"]
[EventType "team"]
[EventRounds "9"]
[EventCountry "YUG"]
[SourceTitle "CBM 125 Extra"]
[Source "ChessBase"]
[SourceDate "2008.09.01"]
[SourceVersion "1"]
[SourceVersionDate "2008.09.01"]
[SourceQuality "1"]

1. e4 c6 2. d4 d5 3. e5 Bf5 4. h4 h5 5. c4 Bxb1 6. Rxb1 e6 7. a3 dxc4 8. Bxc4 Nd7 9. Ne2 Nb6 10. Bb3 Nd5 11. Ng3 Nge7 12. Bc2 g6 13. Bg5 Qa5+ 14. Kf1 Qb6 15. Rh3 Nf5 16. Nxf5 gxf5 17. Bb3 Qb5+ 18. Kg1 Be7 19. Rc1 Bxg5 20. Rc5 Qb6 21. hxg5 0-0-0 22. Qc1 Kb8 23. Bd1 h4 24. Rb3 Qa6 25. Qd2 h3 26. gxh3 Rh4 27. Bf3 Nf4 28. Ra5 Nxh3+ 29. Kg2 Nf4+ 30. Qxf4 Rxf4 31. Rxa6 1-0

[Event "SRB-chT Cup"]
[Site "Zlatibor"]
[Date "2008.06.17"]
[Round "2.5"]
[White "Lecic, Predrag"]
[Black "Arsovic, Zoran"]
[Result "0-1"]
[WhiteElo "2094"]
[BlackElo "2490"]
[PlyCount "50"]
[EventDate "2008.06.16"]
[EventType "team"]
[EventRounds "9"]
[EventCountry "YUG"]
[SourceTitle "CBM 125 Extra"]
[Source "ChessBase"]
[SourceDate "2008.09.01"]
[SourceVersion "1"]
[SourceVersionDate "2008.09.01"]
[SourceQuality "1"]

1. e4 c5 2. Nf3 d6 3. Bb5+ Bd7 4. Bxd7+ Qxd7 5. 0-0 e6 6. b3 Nf6 7. Re1 Nc6 8. Bb2 Be7 9. c4 0-0 10. d4 cxd4 11. Nxd4 Rfd8 12. Nc3 a6 13. Qd2 Rab8 14. Rad1 b6 15. Nxc6 Qxc6 16. Ba3 Rbc8 17. Qg5 Qc7 18. Qg3 b5 19. e5 dxe5 20. Bxe7 Qxe7 21. cxb5 axb5 22. Rxd8+ Qxd8 23. Qxe5 Qd2 24. Rd1 Qc2 25. Qd6 Qxc3 0-1

[Event "Belgrade CupT final"]
[Site "Belgrade"]
[Date "2008.04.12"]
[Round "4"]
[White "Lecic, Predrag"]
[Black "Lazarevic, Zoran Voj"]
[Result "1-0"]
[WhiteElo "2094"]
[BlackElo "2192"]
[PlyCount "101"]
[EventDate "2008.04.09"]
[EventType "team-swiss"]
[EventRounds "5"]
[EventCountry "SRB"]
[SourceTitle "EXT 2023"]
[Source "ChessBase"]
[SourceDate "2022.10.05"]
[SourceVersion "1"]
[SourceVersionDate "2022.10.05"]
[SourceQuality "1"]

1. e4 c5 2. Nf3 d6 3. d4 cxd4 4. Nxd4 Nf6 5. Nc3 a6 6. Bg5 e6 7. f4 Qb6 8. Qd2 Nc6 9. 0-0-0 Nxd4 10. Qxd4 Qxd4 11. Rxd4 Be7 12. Be2 Bd7 13. Bxf6 gxf6 14. Bf3 Bc6 15. Rhd1 Rc8 16. Na4 h5 17. Nb6 Rd8 18. Nc4 f5 19. exf5 Bxf3 20. gxf3 d5 21. Ne5 Rg8 22. fxe6 fxe6 23. Re1 Rf8 24. Ng6 Rf6 25. Nxe7 Kxe7 26. Re5 Kd6 27. Rxh5 Rdf8 28. Rh4 Rg8 29. Rg4 Rh8 30. h4 Rfh6 31. Rg7 R8h7 32. Rxh7 Rxh7 33. f5 Ke5 34. c3 exf5 35. Rb4 f4 36. a4 Rxh4 37. Rxb7 Rh3 38. Re7+ Kf5 39. Ra7 Rxf3 40. Rxa6 Ke4 41. Kc2 Rf2+ 42. Kb3 Rh2 43. Re6+ Kf5 44. Re8 f3 45. Rf8+ Ke4 46. a5 Rh6 47. Ka4 Rh4 48. a6 f2 49. a7 Rh1 50. Kb5 Ra1 51. Kb6 1-0

[Event "Belgrade Trophy 20th"]
[Site "Belgrade"]
[Date "2007.11.29"]
[Round "8"]
[White "Lecic, Predrag"]
[Black "Stanojevic, Branko"]
[Result "0-1"]
[WhiteElo "2089"]
[BlackElo "2300"]
[PlyCount "59"]
[EventDate "2007.11.22"]
[EventType "swiss"]
[EventRounds "9"]
[EventCountry "YUG"]
[SourceTitle "CBM 121 Extra"]
[Source "ChessBase"]
[SourceDate "2008.01.10"]
[SourceVersion "1"]
[SourceVersionDate "2008.01.10"]
[SourceQuality "1"]

1. Nf3 c5 2. e4 Qa5 3. Nc3 g6 4. Bc4 Nc6 5. 0-0 Bg7 6. d3 d6 7. Ng5 e6 8. Nb5 Qd8 9. Bf4 Ne5 10. Bxe5 dxe5 11. f4 Nh6 12. Qd2 a6 13. Nc3 b5 14. Nxb5 axb5 15. Bxb5+ Bd7 16. Bc4 0-0 17. c3 Rb8 18. fxe5 Bb5 19. Bxb5 Rxb5 20. d4 cxd4 21. cxd4 Rxe5 22. h4 Rb5 23. Rad1 Qb8 24. b3 Rb4 25. d5 exd5 26. Qxd5 Ng4 27. Qd6 Ne3 28. Rxf7 Qxd6 29. Rxg7+ Kxg7 30. Rxd6 0-1

[Event "Belgrade-chT"]
[Site "Belgrade"]
[Date "2005.10.04"]
[Round "4"]
[White "Lecic, Predrag"]
[Black "Ivanovic, Nikola"]
[Result "0-1"]
[WhiteElo "2118"]
[BlackElo "2190"]
[PlyCount "64"]
[EventDate "2005.10.01"]
[EventType "team-tourn"]
[EventRounds "9"]
[EventCountry "YUG"]
[SourceTitle "CBM 108 Extra"]
[Source "ChessBase"]
[SourceDate "2005.11.04"]
[SourceVersion "1"]
[SourceVersionDate "2005.11.04"]
[SourceQuality "1"]

1. Nf3 Nf6 2. g3 g6 3. Bg2 Bg7 4. 0-0 0-0 5. d4 d6 6. c4 a6 7. Nc3 Nc6 8. b3 Rb8 9. a3 e5 10. e3 Re8 11. Bb2 Bf5 12. Re1 Bg4 13. Ne2 Qc8 14. b4 Ne4 15. Qc2 Qf5 16. Nc3 Bxf3 17. Bxf3 Qxf3 18. Nxe4 exd4 19. Nd2 Qh5 20. e4 Ne5 21. Kg2 c5 22. h3 g5 23. Qb3 Re6 24. a4 Rh6 25. Rh1 Qe2 26. Qd1 Qxd1 27. Rhxd1 Nd3 28. Ba3 cxb4 29. Nf3 Ne5 30. Bxb4 Rc8 31. Nxd4 Rxc4 32. Bxd6 Rxd6 0-1

[Event "Belgrade-chT"]
[Site "Belgrade"]
[Date "2005.10.03"]
[Round "3"]
[White "Spasojevic, Miodrag"]
[Black "Lecic, Predrag"]
[Result "1-0"]
[WhiteElo "2204"]
[BlackElo "2118"]
[PlyCount "67"]
[EventDate "2005.10.01"]
[EventType "team-tourn"]
[EventRounds "9"]
[EventCountry "YUG"]
[SourceTitle "CBM 108 Extra"]
[Source "ChessBase"]
[SourceDate "2005.11.04"]
[SourceVersion "1"]
[SourceVersionDate "2005.11.04"]
[SourceQuality "1"]

1. Nf3 Nf6 2. g3 g6 3. Bg2 Bg7 4. 0-0 0-0 5. d3 d5 6. Nbd2 Nbd7 7. e4 dxe4 8. dxe4 e5 9. b3 c6 10. Bb2 Qc7 11. Qe2 Re8 12. Rfd1 Nb6 13. h3 Bd7 14. a4 a5 15. Qe3 Nh5 16. Nf1 Nc8 17. Rd2 b5 18. Qc5 Qb6 19. Qxb6 Nxb6 20. axb5 cxb5 21. Rd6 Ra6 22. Rad1 Re7 23. Ne3 Nf6 24. Nxe5 Ne8 25. Rxb6 Rxb6 26. Nd5 Rbe6 27. Nxe7+ Rxe7 28. f4 Bxe5 29. Bxe5 Bc6 30. Rd8 a4 31. Bd6 Ra7 32. e5 Bd7 33. bxa4 bxa4 34. Bb8 1-0